| 000 | 00469nam a22001457a 4500 | ||
|---|---|---|---|
| 020 | _a8178087790 | ||
| 082 |
_a658.45 _bBOV |
||
| 100 | _aBovee, Courtland L. & Thill, John V. and Schatzman, Barbara E. | ||
| 245 |
_aBusiness Communication Today / _cCourtland L. Bovee, & John V. Thill and Barbara E. Schatzman |
||
| 250 | _a7th Rdition. | ||
| 260 |
_aNew Delhi : _bPearson Education, _c2003. |
||
| 300 |
_a606p. ; _c25 cm. |
||
| 563 | _aPBK. | ||
| 942 |
_2ddc _cBK |
||
| 999 |
_c589162 _d589162 |
||